Greenhouse climate control: an integrated approach

Uloženo v:
Podrobná bibliografie
Hlavní autoři: Bakker, J. C (Autor), Bot, G. P. A (Autor), Challa, H (Autor), Van de Braak, N. J (Autor)
Médium: Kniha
Jazyk:angličtina
Vydáno: Wageningen Wageningen Academic 1995
Témata:
Tagy: Přidat tag
Žádné tagy, Buďte první, kdo vytvoří štítek k tomuto záznamu!

MARC

LEADER 00000nam a2200000 a 4500
001 UCT9874
003 CL-VaPUC
008 970412e19950000ne |||||||||||||||||eng|d
082 0 4 |a 635.982  |b BAK  |2 21 
100 0 |a Bakker, J. C  |e author  |9 382944 
700 0 |a Bot, G. P. A  |e author  |9 382945 
700 0 |a Challa, H  |e author  |9 382946 
700 0 |a Van de Braak, N. J  |e author  |9 382947 
245 1 0 |a Greenhouse climate control: an integrated approach 
300 |a 279 p 
942 |c BK 
945 |d 19970412 00:00:00  |a rleighto 
260 |a Wageningen  |b Wageningen Academic  |c 1995 
650 7 |a CULTIVO EN INVERNADEROS  |2 CL-VaPUC  |9 382948 
650 0 |a Producción   |9 263680 
650 7 |a INDUSTRIA  |2 CL-VaPUC  |9 315110 
650 0 |a Cultivos  |9 264356 
650 0 |a Cosechas  |9 259907 
650 0 |a Riego  |9 259685 
650 0 |a Agua de riego  |9 260487 
583 |a last modification  |c 20171221 12:52:17  |k Rodrigo Vera 
999 |c 258222  |d 258220 
952 |0 0  |1 0  |4 0  |6 635_982000000000000_BAK_1995  |7 0  |8 A  |9 282142  |a BIBAGR  |b BIBAGR  |d 2019-11-19  |i 3287432  |o 635.982 BAK 1995  |p 3287432  |r 2025-01-20  |w 2019-11-19  |y BK  |k AGR